Музыкальная наука в контексте культуры. Музыковедение и вызовы информационной эпохи (Запись № 12636754)

Подробности
000 -МАРКЕР
контрольное поле 02845nam0a2200409 4500
001 - ИДЕНТИФИКАТОР ЗАПИСИ
контрольное поле RU\NLR\BIBL_A\012620302
005 - ИДЕНТИФИКАТОР ВЕРСИИ
контрольное поле 20211129101708.0
010 ## - МЕЖДУНАРОДНЫЙ СТАНДАРТНЫЙ НОМЕР КНИГИ (ISBN)
Номер (ISBN) 978-5-8269-0265-3
Тираж 500
021 ## - НОМЕР ГОСУДАРСТВЕННОЙ РЕГИСТРАЦИИ
Код страны Российская Федерация
Номер КН-П-21-034666
Номер Листа государственной регистраци КН-П-21-2711
035 ## - ДРУГИЕ СИСТЕМНЫЕ НОМЕРА
Идентификатор записи (NLR Aleph) 012620302
100 ## - ДАННЫЕ ОБЩЕЙ ОБРАБОТКИ
Данные общей обработки 20211014d2020 k y0rusy50 ca
101 0# - ЯЗЫК РЕСУРСА
Язык текста, звукозаписи и т.д. русский
-- английский
102 ## - СТРАНА ПУБЛИКАЦИИ ИЛИ ПРОИЗВОДСТВА
Страна публикации Российская Федерация
105 ## - ПОЛЕ КОДИРОВАННЫХ ДАННЫХ: ТЕКСТОВЫЕ МАТЕРИАЛЫ, МОНОГРАФИЧЕСКИЕ
Кодированные данные о монографическом текстовом документе ag||z|||000zy
181 #0 - ПОЛЕ КОДИРОВАННЫХ ДАННЫХ: ВИД СОДЕРЖАНИЯ
Код вида содержания (ISBD) i
Код характеристики содержания (ISBD) axxe
182 #0 - ПОЛЕ КОДИРОВАННЫХ ДАННЫХ: ТИП СРЕДСТВА
Код типа средства (ISBD) n - непосредственное
200 1# - ЗАГЛАВИЕ И СВЕДЕНИЯ ОБ ОТВЕТСТВЕННОСТИ
Основное заглавие Музыкальная наука в контексте культуры. Музыковедение и вызовы информационной эпохи
Сведения, относящиеся к заглавию материалы международной научной конференции 27-30 октября 2020 года
Первые сведения об ответственности Министерство культуры Российской Федерации, Российская академия музыки имени Гнесиных при поддержке Российского фонда фундаментальных исследований
Последующие сведения об ответственности редактор-составитель: доктор искусствознания - Т. И. Науменко
-- редакционная коллегия: доктор искусствознания Н. С. Гуляницкая [и др.]
203 ## - ВИД СОДЕРЖАНИЯ И ТИП СРЕДСТВА
Вид содержания Текст
Дополнительные сведения об издании визуальный
Тип средства непосредственный
210 ## - ПУБЛИКАЦИЯ, РАСПРОСТРАНЕНИЕ И ДР.
Место издания, распространения и т.д. Москва
Имя издателя, распространителя и т. д. РАМ
Дата издания, распространения и т.д. 2020
215 ## - ФИЗИЧЕСКАЯ ХАРАКТЕРИСТИКА
Специфическое обозначение материала и объем 703, [1] с.
Другие сведения о физической характеристике ил., нот.
Размеры 30
300 ## - ОБЩИЕ ПРИМЕЧАНИЯ
Текст примечания Часть текста англ.
300 ## - ОБЩИЕ ПРИМЕЧАНИЯ
Текст примечания На тит. л. и обл.: Рос. акад. музыки им. Гнесиных 125 лет
320 ## - ПРИМЕЧАНИЯ О НАЛИЧИИ В ДОКУМЕНТЕ БИБЛИОГРАФИИ / УКАЗАТЕЛЯ
Текст примечания Библиогр. в конце ст. и в подстроч. примеч.
517 1# - ДРУГИЕ ВАРИАНТЫ ЗАГЛАВИЯ
Вариант заглавия Музыковедение и вызовы информационной эпохи
606 1# - НАИМЕНОВАНИЕ ТЕМЫ КАК ПРЕДМЕТ
Наименование темы Музыка
Формальный подзаголовок Съезды, совещания и т.п
Системный номер авторитетной/нормативной записи 888123
Идентификатор авторитетной/нормативной записи RU\NLR\AUTH\66429
686 1# - ИНДЕКСЫ ДРУГИХ КЛАССИФИКАЦИЙ
Индекс Щ31я431
702 #1 - ИМЯ ЛИЦА - ВТОРИЧНАЯ ОТВЕТСТВЕННОСТЬ
Код отношения Составитель
Графика поля Кириллица
Материалы, к которым относится поле rus
Начальный элемент ввода Науменко
Часть имени, кроме начального элемента ввода Т. И.
Дополнения к именам, кроме дат д-р искусствоведения
Даты 1961-
Расширение инициалов личного имени Татьяна Ивановна
Системный номер авторитетной/нормативной записи 20239
Идентификатор авторитетной/нормативной записи RU\NLR\AUTH\7737250
702 #1 - ИМЯ ЛИЦА - ВТОРИЧНАЯ ОТВЕТСТВЕННОСТЬ
Код отношения Редактор
Графика поля Кириллица
Материалы, к которым относится поле rus
Начальный элемент ввода Гуляницкая
Часть имени, кроме начального элемента ввода Н. С.
Даты 1927-
Расширение инициалов личного имени Наталия Сергеевна
Системный номер авторитетной/нормативной записи 231872
Идентификатор авторитетной/нормативной записи RU\NLR\AUTH\770231928
711 12 - НАИМЕНОВАНИЕ ОРГАНИЗАЦИИ - АЛЬТЕРНАТИВНАЯ ОТВЕТСТВЕННОСТЬ
Начальный элемент ввода "Музыкальная наука в контексте культуры. Музыковедение и вызовы информационной эпохи", международная научная конференция
Место проведения временной организации Москва
Дата проведения временной организации 2020
Системный номер авторитетной/нормативной записи 773053
Идентификатор авторитетной/нормативной записи RU\NLR\AUTH\880553313
712 02 - НАИМЕНОВАНИЕ ОРГАНИЗАЦИИ - ВТОРИЧНАЯ ОТВЕТСТВЕННОСТЬ
Код отношения Прочие
Начальный элемент ввода Российская академия музыки им. Гнесиных
Системный номер авторитетной/нормативной записи 279817
Идентификатор авторитетной/нормативной записи RU\NLR\AUTH\884210
942 ## - ДОПОЛНИТЕЛЬНЫЕ ЭЛЕМЕНТЫ ЗАПИСИ (АБИС)
Тип экземпляра АБИС Книга
980 ## - КОЛЛЕКЦИЯ
Название коллекции НБР
980 ## - КОЛЛЕКЦИЯ
Название коллекции Национальная библиография

Нет доступных экземпляров.